000 00696nam a22002417a 4500
999 _c32805
_d32805
001 1485
003 CO-MdFUSB
005 20190202100535.0
008 170323t1983 x ||||| |||| 00| 0 eng d
020 _a0-88344-334-1
040 _aCO-MdFUSB
_bspa
_cCO-MdFUSB
_dCO-MdFUSBC
_erda
041 0 _aeng
082 0 4 _aG 207 K564m
245 1 0 _aMinistry by the people
_b : Theological education by extension
_c / F. Ross Kinsler, Editor
264 4 _aMaryknoll, N.Y., USA :
_bOrbis,
_c©1983
300 _aXVI, 332 Pag.
_c;
336 _2rdacontent
337 _2rdamedia
338 _2rdacarrier
650 7 _aDios
_xEnseñanza bíblica
_2
_9323
653 _aSeminarios - Extensión
942 _cBK